| 000 | 00358 a2200169 4500 | ||
|---|---|---|---|
| 001 | 73150 | ||
| 020 | _a856259709 | ||
| 040 | _cAnchieta - Colégio São Paulo | ||
| 100 | _aPires, Valquíria | ||
| 240 | 1 | 0 |
_aGeografia _lpor |
| 245 | 1 | 0 | _aGeografia |
| 300 | _a224 | ||
| 362 | 0 | _a2006 | |
| 440 | 1 | _aScipione | |
| 650 | 4 | _aGeografia e viagens | |
| 942 | _cBK | ||
| 999 |
_c73150 _d73150 |
||